| 000 | 01342nam a22003377a 4500 | ||
|---|---|---|---|
| 003 | DO-SdBNP | ||
| 005 | 20180306135511.0 | ||
| 008 | 160429b 2000 dr||||| |||| 00| 0 spa d | ||
| 020 | _a9945444476 | ||
| 040 |
_aBPMSU _bspa _cBPMSU |
||
| 092 |
_a372.257 _bV335c 4to. [20--] |
||
| 100 | 1 | _aVásquez Güichardo, Julia Mery | |
| 245 | 1 | 0 |
_aCiencias de la naturaleza 4 : _b[educación básica] / _cJulia Mery Vásquez Gúichardo, Andrea Griselda Rincón Ozuna |
| 260 |
_aSanto Domingo : _bActualidad escolar 2000 _c2000 |
||
| 300 |
_a160 p. : _bil. : _c28 cm |
||
| 505 | _aUnidad 1. Estructura y función de los seres vivos | ||
| 505 | _aUnidad 2. Organización de los seres vivos en su ambiente | ||
| 505 | _aUnidad 3. Recursos naturales, agricultura y vida | ||
| 505 | _aUnidad 4 . Conociendo el universo | ||
| 505 | _aUnidad 5 . La luz que nos rodea | ||
| 650 | 4 |
_aCIENCIAS NATURALES _xENSEÑANZA BÁSICA |
|
| 650 | 4 |
_aCIENCIAS NATURALES _xEDUCACIÓN PRIMARIA |
|
| 650 | 4 |
_aCIENCIAS NATURALES _xLIBROS DE TEXTOS |
|
| 650 | 4 |
_aCIENCIAS NATURALES _xESTUDIOS Y EJERCICIOS |
|
| 650 | 4 |
_aEDUCACIÓN PRIMARIA _zREPÚBLICA DOMINICANA |
|
| 700 | 1 | 2 | _aRincón Ozuna, Andrea Griselda |
| 910 | _aValidado. Control de calidad MFF | ||
| 942 |
_2ddc _cBK |
||
| 945 | _aRemanejado para la BNPHU / 2018 VM | ||
| 956 | _adaysi garcia | ||
| 999 |
_c9995 _d9995 |
||